Statistics for Ancient Egypt Quiz

Click here to take the quiz!

General Stats

  • This quiz has been taken 327 times
    (281 since last reset)
  • The average score is 4 of 11

Answer Stats

HintAnswer% Correct
What river supposedly brung life to egyptThe Nile river
94%
What was the title used by Egyptian kingsPharaoh
64%
Who was the last pharaohCleopatra
63%
Biggest pyramid in egyptGiza
60%
God of deathAnubis
51%
Real name of the aboveNarmer
32%
Their main god ("sun god")Amun-Ra
27%
Golden age of ancient egyptNew kingdom
27%
Egypt's first PharaohMenes
26%
What pharaoh's nickname was Ramses The greatRamses lll
2%
King tuts tomb (shortened)tuts tomb
2%

Score Distribution

Percentile by Number Answered

Percent of People with Each Score

Your Score History

You have not taken this quiz since the last reset